Music Quiz

Random Music or Album Quiz

Album Covers: Punk and Post-Punk Quiz Stats

 Plays Quiz Updated Jul 22, 2013

Challenge
Share
Tweet
Score 0/20 Timer 05:00
2 Plays Today
% Correct
The Clash, The Clash
80.4%
Ramones, Rocket to Russia
55.1%
Wire, Pink Flag
49.9%
Dead Kennedys, Fresh Fruit for Rotting Vegetables
44.2%
Bad Brains, Bad Brains
44%
Descendents, Milo Goes to College
42.4%
Black Flag, Damaged
41.7%
Hüsker Dü, Zen Arcade
39.2%
X, Los Angeles
38%
Gang of Four, Entertainment!
37.1%
% Correct
Minutemen, Double Nickels on the Dime
32.5%
Public Image Ltd., Metal Box
29.3%
Refused, The Shape of Punk to Come
27.6%
Buzzcocks, Singles Going Steady
27.3%
Talking Heads, More Songs About Buildings and Food
25.6%
The Cure, Pornography
25.5%
Mission of Burma, Vs.
17.4%
Meat Puppets, Meat Puppets II
16.1%
Fugazi, Red Medicine
14.1%
The Fall, Hex Enduction Hour
13.6%

You're not logged in!

Compare scores with friends on all Sporcle quizzes.
Join for Free
OR
Log In

You Might Also Like...

Show Comments

Extras

Top Quizzes Today


Score Distribution

Your Account Isn't Verified!

In order to create a playlist on Sporcle, you need to verify the email address you used during registration. Go to your Sporcle Settings to finish the process.

Report this User

Report this user for behavior that violates our Community Guidelines.

Details: